Global Power and Local Struggles in Developing Countries : (Record no. 49363)

MARC details
000 -LEADER
fixed length control field 04386nam a22004458i 4500
001 - ACCESSION NUMBER
control field BRILL9789004527928
003 - CONTROL NUMBER IDENTIFIER
control field nllekb
005 - DATE AND TIME OF LATEST TRANSACTION
control field 20260415153942.0
006 - FIXED-LENGTH DATA ELEMENTS--ADDITIONAL MATERIAL CHARACTERISTICS--GENERAL INFORMATION
fixed length control field m d
007 - PHYSICAL DESCRIPTION FIXED FIELD--GENERAL INFORMATION
fixed length control field cr un uuuua
008 - FIXED-LENGTH DATA ELEMENTS--GENERAL INFORMATION
fixed length control field 230131s2023 gw sb 001 0 eng d
010 ## - LIBRARY OF CONGRESS CONTROL NUMBER
LC control number 2022040952
020 ## - INTERNATIONAL STANDARD BOOK NUMBER
International Standard Book Number 9789004525481
Qualifying information (print)
020 ## - INTERNATIONAL STANDARD BOOK NUMBER
International Standard Book Number 9789004527928
Qualifying information (electronic book)
024 7# - OTHER STANDARD IDENTIFIER
Standard number or code 10.1163/9789004527928
Source of number or code DOI
035 ## - SYSTEM CONTROL NUMBER
System control number (OCoLC)1356007214
040 ## - CATALOGING SOURCE
Original cataloging agency NL-LeKB
Transcribing agency NL-LeKB
Description conventions rda
041 ## - LANGUAGE CODE
Language code of text/sound track or separate title eng
050 #4 - LIBRARY OF CONGRESS CALL NUMBER
Classification number HN980
072 #7 - SUBJECT CATEGORY CODE
Subject category code HBG
Source bicssc
072 #7 - SUBJECT CATEGORY CODE
Subject category code HIS
Subject category code subdivision 037000
Source bisacsh
082 04 - DEWEY DECIMAL CLASSIFICATION NUMBER
Classification number 306.09172
Edition number 23
245 10 - TITLE STATEMENT
Title Global Power and Local Struggles in Developing Countries :
Remainder of title Contemporary Perspectives On: Europe and the People without History, by Eric R. Wolf at 40 /
Statement of responsibility, etc edited by Paul Stacey.
300 ## - PHYSICAL DESCRIPTION
Extent 1 online resource
490 1# - SERIES STATEMENT
Series statement Social Sciences E-Books Online, Collection 2023
490 1# - SERIES STATEMENT
Series statement Studies in Global Social History ;
Volume number/sequential designation 47/2
504 ## - BIBLIOGRAPHY, ETC. NOTE
Bibliography, etc Includes bibliographical references and index.
505 0# - FORMATTED CONTENTS NOTE
Title Preliminary Material /
Statement of responsibility Editor: Paul Stacey -- Copyright Page /
-- Editor: Paul Stacey -- Preface and Acknowledgements /
-- Editor: Paul Stacey -- Notes on Contributors /
-- Editor: Paul Stacey -- Chapter 1 Global Power and Local Struggles in Developing Countries: An Introduction /
-- Paul Stacey -- Chapter 2 Commodifying the Countermovement: How Foreign Funding Turns Haitian Social Movements into Commodities /
-- Joshua Steckley , Nixon Boumba , and Marylynn Steckley -- Chapter 3 A Brief History of Workers on the Move: Power in Puerto Rican Farm Labour Migration /
-- Ismael García Colón -- Chapter 4 Masking the Past, Legitimizing the Present: State-Making and Precariatization in the Agro-Industrial Landscape, Colombia /
-- Inge-Merete Hougaard -- Chapter 5 A Political Ecology of Fetishism in Brazil's 'Discovery Coast' Crisis, Socio-environmental Hybridization, and Historical Amnesia on the Frontiers of Global Liberalism /
-- Gustavo S. Azenha -- Chapter 6 Europe and the People without Class: The Example of Ghana /
-- Ioannis Kyriakakis -- Chapter 7 Impossible Histories, Power, and Exclusion in the Gold Coast and Ghana 1930-2020 /
-- Paul Stacey -- Chapter 8 Persistent Connections and Exclusions in Mozambique: From Colonial Anxieties to Contemporary Discourses about the Environment /
-- Raquel Rodrigues Machaqueiro -- Chapter 9 Chinese Indonesian Identity at Work: Political Exclusion and Division of Labour in Indonesia /
-- Tirza van Bruggen -- Chapter 10 Global Competition and Local Advantages: The Agency of Samoan Factory Youth in an Untold History of the Automotive Supply Chain /
-- Masami Tsujita -- Index /
-- Editor: Paul Stacey.
520 ## - SUMMARY, ETC.
Summary, etc The volume challenges dominant narratives of progress with a rich range of investigations of local struggles from the Global south which are based on original ethnographic research. The chapters take a point of departure in ideas and concepts developed by the pioneering anthropologist Eric R. Wolf in 'Europe and the People Without History', and emphasize the relevance and usefulness of applying Wolf to contemporary contexts. As such, the collection contributes to knowledge of dynamic relationships between local agency in the Global south, and broader political and economic processes that make 'people without history.' This shows global power as both excluding local groups at the same time as conditioning local struggles and the forms that social organization takes. Contributors are: Paul Stacey, Joshua Steckley, Nixon Boumba, Marylynn Steckley, Ismael García Colón, Inge-Merete Hougaard, Gustavo S. Azenha, Ioannis Kyriakakis, Raquel Rodrigues Machaqueiro, Tirza van Bruggen, and Masami Tsujita.
546 ## - LANGUAGE NOTE
Language note English
650 #0 - SUBJECT ADDED ENTRY--TOPICAL TERM
Topical term or geographic name as entry element Influence (Literary, artistic, etc.)
650 #0 - SUBJECT ADDED ENTRY--TOPICAL TERM
Topical term or geographic name as entry element Social conditions.
650 #0 - SUBJECT ADDED ENTRY--TOPICAL TERM
Topical term or geographic name as entry element Social movements
General subdivision Developing countries.
700 1# - ADDED ENTRY--PERSONAL NAME
Personal name Stacey, Paul,
Relator term editor.
776 08 - ADDITIONAL PHYSICAL FORM ENTRY
Display text Print version:
Title Global Power and Local Struggles in Developing Countries : Contemporary Perspectives On: Europe and the People without History, by Eric R. Wolf at 40.
Place, publisher, and date of publication Leiden ; Boston : Brill, 2023.
International Standard Book Number 9789004525481
Record control number (DLC) 2022040951
-- (OCoLC)1350966333
830 #0 - SERIES ADDED ENTRY--UNIFORM TITLE
Uniform title Social Sciences E-Books Online, Collection 2023.
830 #0 - SERIES ADDED ENTRY--UNIFORM TITLE
Uniform title Studies in Global Social History ;
Volume number/sequential designation 47/2.
856 4# - ELECTRONIC LOCATION AND ACCESS
Uniform Resource Identifier <a href="http://dx.doi.org/10.1163/9789004527928">http://dx.doi.org/10.1163/9789004527928</a>
942 ## - ADDED ENTRY ELEMENTS (KOHA)
Source of classification or shelving scheme Dewey Decimal Classification
Koha item type Electronic Books
Holdings
Date last seen Total Checkouts Full call number Barcode Uniform Resource Identifier Price effective from Koha item type Lost status Source of classification or shelving scheme Damaged status Not for loan Withdrawn status Home library Current library Date acquired
15/04/2026   306.09172 EB04528 https://doi.org/10.1163/9789004527928 15/04/2026 Electronic Books   Dewey Decimal Classification       CUTN Central Library CUTN Central Library 15/04/2026